| Tag |
First Indicator |
Second Indicator |
Subfields |
| LEADER |
00000cam a2200000 4500 |
| 001 |
in00000045997 |
| 005 |
20151007065253.0 |
| 008 |
750710s1947 nyu 00000 eng u |
| 010 |
|
|
|a 47004925
|
| 035 |
|
|
|a (OCoLC)01441795
|
| 035 |
|
|
|9 AAE1648AM
|
| 040 |
|
|
|c BOS
|d TXA
|d UtOrBLW
|
| 049 |
|
|
|a TXAM
|c 1 [146606]
|c 2 [423238]
|
| 050 |
|
0 |
|a QC23
|b .F78
|
| 082 |
0 |
|
|a 530
|
| 092 |
|
|
|a 530
|b F948e
|
| 100 |
1 |
|
|a Frye, Royal M.
|q (Royal Merrill)
|
| 245 |
1 |
0 |
|a Essentials of applied physics :
|b a foundation course for technical, industrial, and engineering students.
|
| 264 |
|
1 |
|a New York :
|b Prenctice-Hall,
|c 1947.
|
| 300 |
|
|
|a xi, 322 pages :
|b illustrations, diagrams ;
|c 24 cm.
|
| 336 |
|
|
|a text
|b txt
|2 rdacontent
|
| 337 |
|
|
|a unmediated
|b n
|2 rdamedia
|
| 338 |
|
|
|a volume
|b nc
|2 rdacarrier
|
| 650 |
|
0 |
|a Physics.
|
| 999 |
|
|
|a MARS
|
| 999 |
f |
f |
|s 6bc6c6fd-cd3e-3e70-8eab-7edc397107c6
|i 3546d225-520e-3f09-8e7c-dd11b411c10f
|t 0
|
| 952 |
f |
f |
|p ric
|a Texas A&M University
|b Rellis Campus
|c Joint Library Facility
|d Remote Storage
|t 0
|e QC23 .F78
|h Library of Congress classification
|i unmediated -- volume
|m A14800905914
|
| 952 |
f |
f |
|p normal
|a Texas A&M University
|b College Station
|c Sterling C. Evans Library
|d Evans: Library Stacks
|t 0
|e QC23 .F78
|h Library of Congress classification
|i unmediated -- volume
|m A14800905922
|
| 998 |
f |
f |
|a QC23 .F78
|t 0
|l Remote Storage
|
| 998 |
f |
f |
|a QC23 .F78
|t 0
|l Evans: Library Stacks
|